Atlanta Hawks Nicknames - Statistics

General Stats
  • This quiz has been taken 573 times
    466 since last reset
  • The average score is 7 of 10
Answer Stats
Nickname Tenure Player % Correct
Ice Trae 2018– Trae Young
100%
Pistol Pete 1970–1974 Pete Maravich
87%
Spud 1985–1991 Anthony "Spud" Webb
86%
The Human Highlight Film 1982–1994 Dominique Wilkins
84%
Doc 1983–1991 Glenn "Doc" Rivers
76%
Iso Joe 2005–2012 Joe Johnson
76%
Swiss Bank 2020–2025 Clint Capela
65%
The Baptist 2017–2023 John Collins
56%
J-Smoove 2004–2014 Josh Smith
46%
Red Velvet 2018–2022 Kevin Huerter
42%
No matching quizzes found
Score Distribution
Percent of People with Each Score
Percentile by Number Answered
Your Score History
You have not taken this quiz since the last reset